000 00624nam a2200133Ia 4500
008 220620s9999||||xx |||||||||||||| ||und||
022 _a16648714
100 _aMatthew Wagers||Colin Phillips||Claudia Felser
245 0 _aEncoding and Navigating Linguistic Representations in Memory
546 _aEnglish[eng]
650 _asentence comprehension||memory retrieval||Filler-gap dependencies||Psycholinguistics||anaphor resolution||agreement processing||interference||parsing||encoding
856 _uhttp://journal.frontiersin.org/researchtopic/1545/encoding-and-navigating-linguistic-representations-in-memory
942 _cEB
999 _c26603
_d26603